О калькулировании себестоимости пара утилизационной установки: [в порядке обсуждения ст.И.П.Крапчина"Калькулирование себестоимости пара утилиз.установок" в журн."Сталь",1958,N3]; Сталь; № 12

Библиографические подробности
Источник:Сталь: научно-технический и производственный журнал.— , 1931-1996.— 0038-920X
№ 12.— 1958.— С. 1138-1139
Главный автор: Целебровский В. Е.
Язык:русский
Опубликовано: 1958
Предметы:
Формат: Статья
Запись в KOHA:https://koha.lib.tpu.ru/cgi-bin/koha/opac-detail.pl?biblionumber=531176

MARC

LEADER 00000naa2a2200000 4500
001 531176
005 20231101112631.0
035 |a (RuTPU)RU\TPU\prd\217434 
035 |a RU\TPU\tpu\3843 
090 |a 531176 
100 |a 20140411a19589999k y0rusy50 ca 
101 0 |a rus 
102 |a RU 
200 1 |a О калькулировании себестоимости пара утилизационной установки  |e [в порядке обсуждения ст.И.П.Крапчина"Калькулирование себестоимости пара утилиз.установок" в журн."Сталь",1958,N3]  |f В. Е. Целебровский 
461 0 |0 (RuTPU)RU\TPU\prd\361  |x 0038-920X  |t Сталь  |o научно-технический и производственный журнал  |d 1931-1996 
463 0 |0 (RuTPU)RU\TPU\prd\217356  |t № 12  |v С. 1138-1139  |d 1958 
610 1 |a паротехника 
610 1 |a труды учёных ТПУ 
610 1 |a утилизационные установки 
700 1 |a Целебровский  |b В. Е. 
801 0 |a RU  |b 63413507  |c 20011210  |g PSBO 
801 2 |a RU  |b 63413507  |c 20140411  |g PSBO 
942 |c BK